Normal view
MARC view
- ترجمة ودراسة : عبد الجليل، عمر صابر أحمد
Entry Personal Name
001 - CONTROL NUMBER
- control field: 12918
003 - CONTROL NUMBER IDENTIFIER
- control field: JO-AjAnu
005 - DATE AND TIME OF LATEST TRANSACTION
- control field: 20230606072353.0
008 - FIXED-LENGTH DATA ELEMENTS
- fixed length control field: 230606|| aca||aabn | a|a d
040 ## - CATALOGING SOURCE
- Original cataloging agency: JO-AjAnu
- Transcribing agency: JO-AjAnu
100 ## - HEADING--PERSONAL NAME
- Personal name: ترجمة ودراسة : عبد الجليل، عمر صابر أحمد
670 ## - SOURCE DATA FOUND
- Source citation: Work cat.: (JO-AjAnu)6648: ترجمة ودراسة : عبد الجليل، عمر صابر أحمد, author, تاريخ مصر ليوحنتا النقيوسي: رؤية قبطية للفتح الإسلامي